Normal view
MARC view
- تعليم خاص-أساليب التدريس-التدريس
Entry Topical Term
001 - CONTROL NUMBER
- control field: 42750
003 - CONTROL NUMBER IDENTIFIER
- control field: JO-AjAnu
005 - DATE AND TIME OF LATEST TRANSACTION
- control field: 20230606081106.0
008 - FIXED-LENGTH DATA ELEMENTS
- fixed length control field: 230606|| aca||aabn | a|a d
040 ## - CATALOGING SOURCE
- Original cataloging agency: JO-AjAnu
- Transcribing agency: JO-AjAnu
150 ## - HEADING--TOPICAL TERM
- Topical term or geographic name entry element: تعليم خاص-أساليب التدريس-التدريس
670 ## - SOURCE DATA FOUND
- Source citation: Work cat.: (JO-AjAnu)21896: الخطيب، جمال مؤلف/الحديدي، منى م.مشارك, author 42749, إستراتيجية تعليم الطلبة ذوي الحاجات الخاصة